Ethical Leadership
Uložené v:
| Hlavný autor: | |
|---|---|
| Ďalší autori: | |
| Médium: | Kniha |
| Jazyk: | English |
| Vydavateľské údaje: |
London
Institute of Personnel and Development
1995
|
| Vydanie: | 1. ed. |
| Edícia: | Developing Strategies
|
| Predmet: | |
| Tagy: |
Žiadne tagy, Buďte prvý, kto otaguje tento záznam!
|
MARC
| LEADER | 00000nam a2200000 4500 | ||
|---|---|---|---|
| 001 | c021739 | ||
| 005 | 20221205132939.1 | ||
| 020 | |a 0-85292-561-1 | ||
| 041 | 0 | |a eng | |
| 044 | |a GB | ||
| 245 | 1 | 0 | |a Ethical Leadership |c Stephen Connock, Ted Johns |
| 250 | |a 1. ed. | ||
| 264 | 1 | |a London |b Institute of Personnel and Development |c 1995 | |
| 300 | |a 231 s. | ||
| 490 | 1 | |a Developing Strategies | |
| 830 | 0 | |a Developing Strategies | |
| 610 | 2 | 0 | |a obchod |
| 610 | 2 | 0 | |a etika |
| 610 | 2 | 0 | |a etika podnikateľská |
| 610 | 2 | 0 | |a morálka |
| 610 | 2 | 0 | |a morálka pracovná |
| 610 | 2 | 0 | |a princípy mravné |
| 610 | 2 | 0 | |a stratégia obchodná |
| 610 | 2 | 0 | |a výskum |
| 610 | 2 | 0 | |a teória spoľahlivosti |
| 610 | 2 | 0 | |a akcionári |
| 610 | 2 | 0 | |a depozity bankové |
| 610 | 2 | 0 | |a zákazníci |
| 610 | 2 | 0 | |a hodnota |
| 610 | 2 | 0 | |a kódexy |
| 610 | 2 | 0 | |a konflikty |
| 610 | 2 | 0 | |a záujmy ekonomické |
| 610 | 2 | 0 | |a organizácia |
| 610 | 2 | 0 | |a disciplína pracovná |
| 610 | 2 | 0 | |a vzťahy ekonomické |
| 610 | 2 | 0 | |a vzťahy medziľudské |
| 100 | 1 | |a Connock, Stephen | |
| 700 | 1 | |a Johns, Ted | |